000 00207nam a2200097Ia 4500
008 170619s9999 xx 000 0 und d
100 _aJain- V.K
245 0 _aMicrosoft Excel 2000
260 _bBPB
260 _c2007
546 _aENGLISH
999 _c21034
_d21034